Statistics for Name The Song Up All Night Edition

Click here to take the quiz!

General Stats

  • This quiz has been taken 2 times
  • The average score is 12 of 18

Answer Stats

HintAnswer% Correct
I still feel it every time, it's just something
that you do
Everything About You
100%
When you speak to me, I don't resemble
who I was. You've almost had enough
Gotta Be You
100%
You've got everything you need,
but you want accessories
I Want
100%
He looks at you the way that I wouldI Wish
100%
If I'm louder, would you see me?More Than This
100%
You keep making me weak, yeah, frozen
and can't breathe
One Thing
100%
Think that we got more time, when we're
falling behind
Same Mistakes
100%
You're impossible to resistTaken
100%
And well, there must have been a time
I was a reason for that smile
Tell Me A Lie
100%
DJ got the floor to shake, the floor to
shake
Up All Night
100%
I don't know why you're being shyWhat Makes You Beautiful
100%
You want to party to late, but when I do
the same all you do is complain
Na Na Na
50%
The light shines. It's getting hot on my
shoulders
Stole My Heart
50%
Let me take you higher just to prove it,
Cause, hey, hey pretty girl, I believe it
Another World
0%
When you stood there, just a heartbeat
away. When we were dancing, and you
looked up at me
I Should Have Kissed You
0%
Hands are silent, voice is numbMoments
0%
All that you want's under your nose, yeahSave You Tonight
0%
And I would steal us a car, and we would
drive to the stars
Stand Up
0%

Score Distribution

Percentile by Number Answered

Percent of People with Each Score

Your Score History

You have not taken this quiz